| 000 | 00551nam a22001815i 4500 | ||
|---|---|---|---|
| 001 | 68801 | ||
| 003 | ES-MaACL | ||
| 005 | 20230906170352.0 | ||
| 007 | t| | ||
| 008 | 960829s1844 sz ||||1| ita d | ||
| 040 |
_aCAM _bspa _cCAM |
||
| 100 | 1 |
_aGioberti, Vincenzo. _957153 |
|
| 245 | 1 | 0 |
_aDel primato morale e civile degli italiani / _cper Vincenzo Gioberti. |
| 260 |
_aCapolago : _b[s.n.], _c1844 ( _fTipografia elvetica) |
||
| 300 |
_a2 v. (505; 620 p.) ; _c22 cm. |
||
| 651 |
_aItalia- _xCivilización. _9162968 |
||
| 852 |
_aES-MaACL _jG-10828-29 |
||
| 999 |
_c68801 _d68801 |
||